Reflexiones metodológicas y epistemológicas en torno a prácticas pedagógicas contemporáneas /

Detalles Bibliográficos
Otros Autores: Mosquera Muñoz, Claudia Judith (Editor), Silva Prada, Diego Fernando (Editor), García Serrano, Saúl Ernesto (Editor)
Formato: Electrónico eBook
Lenguaje:español
Publicado: Pamplona, Norte de Santander, Colombia : Editorial Sello Unipamplona, [2020]
Materias:
Acceso en línea:Digitalia Hispánica

MARC

LEADER 00000nam a2200000 i 4500
001 DIGUPAMP0032
003 NyNyDIG
007 cr |||||||||||
008 240201s2020 ck a ob 000 0 spa d
006 m o d
035 |a (OCoLC)1422054742 
040 |a DGITA  |b eng  |e rda  |e pn  |c DGITA 
020 |z 9789585302020 
043 |a s-ck--- 
050 1 4 |a LA566 ebook 
245 0 0 |a Reflexiones metodológicas y epistemológicas en torno a prácticas pedagógicas contemporáneas /  |c coordinadores, Claudia Judith Mosquera Muñoz, Diego Fernando Silva Prada, Saúl Ernesto García Serrano. 
264 1 |a Pamplona, Norte de Santander, Colombia :  |b Editorial Sello Unipamplona,  |c [2020] 
300 |a 1 online resource :  |b illustrations. 
336 |a text  |b txt  |2 rdacontent 
337 |a computer  |b c  |2 rdamedia 
338 |a online resource  |b cr  |2 rdacarrier 
347 |a text file  |2 rdaft 
347 |b PDF 
504 |a Includes bibliographical references. 
588 0 |a Online resource; title from PDF title page (Digitalia, viewed February 1, 2024) 
650 0 |a Education  |z Colombia  |z Norte de Santander. 
700 1 |a Mosquera Muñoz, Claudia Judith,  |e editor. 
700 1 |a Silva Prada, Diego Fernando,  |e editor. 
700 1 |a García Serrano, Saúl Ernesto,  |e editor. 
791 2 |a Digitalia (Firm),  |e distributor. 
793 0 |g Digitalia eBook Collection:  |a Universidad de Pamplona 
776 0 8 |i Print version:  |t Reflexiones metodológicas y epistemológicas en torno a prácticas pedagógicas contemporáneas.  |d Pamplona, Norte de Santander, Colombia : Editorial Sello Unipamplona, [2020]  |z 9789585302020 
856 4 0 |3 Digitalia Hispánica  |u https://www.digitaliapublishing.com/a/131124/ 
910 |a Premium collection: 2024